000
00208nam a22000857a 4500
008
160716b xxu||||| |||| 00| 0 eng d
100
_9
2937
_a
Kidz Om
245
_a
365 Folk Tales
260
_a
New Delhi
_b
Om Kidz
_c
2012
999
_c
2502
_d
2502